00221nam a22000977a 4500082000800000100001800008245002500026250002500051260003900076300000800115 aHOD aHodgdon G S M aThe venture of Islam aVol : I and Vol II aLondonbThe university pressc1974 a531